000 01093nam a22002297a 4500
003 NALT
005 20210818153503.0
008 s2544 th tha d
040 _aNALT
041 _atha
090 _aว RA771 ล795ก 2544
100 0 _aเลิศชาย ศิริชัย
245 1 0 _aการแพทย์พื้นบ้านภาคใต้กับบริบททางสังคมและกระบวนการรักษาผู้ป่วย [2544] /
_cเลิศชาย ศิริชัย
260 3 _aกรุงเทพฯ :
_bสำนักงานกองทุนสนับสนุนการวิจัย,
_c2544
300 _a160 หน้า ;
_b 29 ซม.
650 0 4 _aการแพทย์พื้นบ้าน -- วิจัย
650 0 4 _aการแพทย์แผนโบราณ -- วิจัย
650 0 4 _aผู้ป่วย -- การรักษาพื้นบ้าน -- วิจัย
850 _aNALT
942 _cRSH
_2lcc
998 _bSOPAPORN
_j109
_k อารีรัตน์ วิชาช่าง
999 _c30899
_d30899